[Event "XVII Autunno Scacchistico A"]
[Site "Venezia ITA"]
[Date "2011.11.01"]
[Round "5"]
[White "Pfeifer, Andreas"]
[Black "Redo, Giorgio"]
[Result "1-0"]
[WhiteElo "2067"]
[BlackElo "2114"]
[PlyCount "71"]
[EventDate "2011.10.30"]

1. d4 g6 2. e4 Bg7 3. Nf3 c5 4. d5 d6 5. Bb5+ Bd7 6. a4 Na6 7. O-O Bxb5 8. axb5
Nc7 9. c4 Nf6 10. Nc3 O-O 11. Ra3 a5 12. Re1 Nd7 13. Bf4 f6 14. Bg3 Nb6 15. Nd2
Nd7 16. f4 b6 17. Nf3 Kh8 18. Qe2 e5 19. dxe6 Nxe6 20. Nd5 f5 21. Bh4 Nd4 22.
Nxd4 Bxd4+ 23. Bf2 Bg7 24. exf5 Rxf5 25. Re3 Bd4 26. Re7 Rxd5 27. cxd5 Ne5 28.
Bxd4 cxd4 29. Rxe5 dxe5 30. Qxe5+ Kg8 31. Qxd4 Ra7 32. Re6 Rc7 33. h3 Rc1+ 34.
Kh2 Qf8 35. d6 Rf1 36. Re4 1-0

[Event "XVII Autunno Scacchistico A"]
[Site "Venezia ITA"]
[Date "2011.11.01"]
[Round "5"]
[White "Sorbera, Giovanni"]
[Black "Solinas, Carlo"]
[Result "1-0"]
[WhiteElo "2178"]
[BlackElo "1994"]
[PlyCount "95"]
[EventDate "2011.10.30"]

1. Nf3 f5 2. b4 Nf6 3. Bb2 e6 4. b5 Be7 5. e3 O-O 6. Be2 d6 7. O-O Qe8 8. c4
Nbd7 9. d4 Ne4 10. Nfd2 Ndf6 11. f3 Nxd2 12. Nxd2 e5 13. Qc2 exd4 14. exd4 Qh5
15. Rfe1 Bd7 16. Bd3 Rae8 17. Nf1 f4 18. a4 Kh8 19. Re2 Ng8 20. Qd2 Bf5 21.
Rae1 Bxd3 22. Qxd3 Bf6 23. Nd2 Bh4 24. Rxe8 Rxe8 25. Rxe8 Qxe8 26. Ne4 Nf6 27.
d5 Qg6 28. Kf1 Nxe4 29. Qxe4 Qxe4 30. fxe4 Kg8 31. Ke2 Be7 32. Kf3 Kf7 33. Kxf4
b6 34. e5 Kg6 35. Ke4 Kf7 36. Bc3 Kg6 37. a5 Kf7 38. a6 Kg6 39. exd6 cxd6 40.
c5 dxc5 41. Be5 c4 42. Bb8 c3 43. Kd3 c2 44. Kxc2 Bd8 45. d6 Kf5 46. Bc7 Ke6
47. Bxd8 Kxd6 48. Bxb6 1-0

[Event "XVII Autunno Scacchistico A"]
[Site "Venezia ITA"]
[Date "2011.11.01"]
[Round "5"]
[White "Xia, Jie"]
[Black "Gromovs, Sergejs"]
[Result "1-0"]
[WhiteElo "2249"]
[BlackElo "2297"]
[PlyCount "95"]
[EventDate "2011.10.30"]

1. e4 e5 2. Nf3 Nc6 3. Bb5 a6 4. Ba4 Nf6 5. d3 b5 6. Bb3 Be7 7. a4 b4 8. a5 O-O
9. O-O d6 10. h3 Rb8 11. Nbd2 Be6 12. Re1 Rb5 13. Bxe6 fxe6 14. Nb3 Nh5 15. d4
Bh4 16. Be3 Qf6 17. Nxh4 Qxh4 18. Qg4 Qxg4 19. hxg4 Nf6 20. f3 exd4 21. Bxd4 h5
22. Bxf6 gxf6 23. gxh5 Rxh5 24. Kf2 Rb8 25. Rh1 Rxh1 26. Rxh1 Rb5 27. Ra1 Kf7
28. Ke3 Rg5 29. g4 Nd8 30. Nd2 Nc6 31. Nb3 Nd8 32. Rh1 Kg7 33. Rd1 Rb5 34. f4
e5 35. f5 Nc6 36. Ra1 d5 37. exd5 Rxd5 38. Ke4 Rd6 39. c3 bxc3 40. bxc3 Na7 41.
Nc5 Nb5 42. Ne6+ Kf7 43. Rc1 c6 44. g5 fxg5 45. Nxg5+ Kf6 46. Nh7+ Kg7 47. c4
Nd4 48. Kxe5 1-0